El Cremallera de Montserrat : 1892-1957 : història, economia, tècnica, anècdotes (plànols i dibuixos de l'autor) / Miquel Gurguí 1892-1957 :
Descripción Física:
120 p. : il. ; 29 cm
Materias:
Cremallera de Montserrat -- Història
MARC
| LEADER | 00000nam a2200000Ia 4500 | ||
|---|---|---|---|
| 001 | 1315 | ||
| 008 | 160829s1982 xx 000 0 cat d | ||
| 080 | |a C-1-84 | ||
| 100 | |a Gurguí i Fortuny, Miquel |9 20201 | ||
| 245 | |a El Cremallera de Montserrat : |b 1892-1957 : |b història, economia, tècnica, anècdotes (plànols i dibuixos de l'autor) / Miquel Gurguí | ||
| 260 | |a [Barcelona] : |b (J. M. Casademont), |c 1982 | ||
| 300 | |a 120 p. : |b il. ; |c 29 cm | ||
| 650 | |a Cremallera de Montserrat |x Història |9 20202 | ||
| 901 | |a Arxiu | ||
| 942 | |n 1 | ||
| 952 | |0 0 |1 0 |4 0 |6 C184 |7 1 |9 41488 |a Arxiu |b Arxiu |d 2016-12-01 |l 0 |o C-1-84 |p 1315 |r 2016-12-01 00:00:00 |w 2016-12-01 |y ARXIU | ||
| 999 | |c 43296 |d 43296 | ||